000 00516cam a2200205ua 4500
001 8423
008 150129n ii |||gr||||Z||||||eng
020 _a9780195612073
040 _cMAIN
041 _aeng
082 _a809
100 _aDas, B. B.,
_eEditor.
245 _aLiterary criticism :
_bReading /
_cEdited by B. B. Das .
250 _a1st.
260 _aNew Delhi:
_bOxford,
_c2008.
300 _axix,498p.
653 _aHistory, description & criticism
653 _aLiterary criticism
942 _cBK
999 _c7531
_d7531